Grafomotricidad, aprendo matemáticas, lectoescritura 3: (Registro nro. 9950)

Detalles MARC
000 -LIDER
fixed length control field 01562nam a2200397 a 4500
001 - NÚMERO DE CONTROL
Identificador de número de control 0000348
003 - IDENTIFICACDOR DE NÚMERO DE CONTROL
control field DO-SdBNP
005 - DATE AND TIME OF LATEST TRANSACTION
control field 20180306101127.0
007 - CAMPOS FIJOS DE DESCRIPCIÓN FÍSICA
fixed length control field 0000348
008 - ELEMENTOS DE LONGITUD FIJA
fixed length control field 100909s2012 dr a 000 0 spa d
020 ## - ISBN
International Standard Book Number 9789945117592 (v. 1)
020 ## - ISBN
International Standard Book Number 9789945117608 (v. 2)
020 ## - ISBN
International Standard Book Number 9789945117707 (v. 3)
040 ## - FUENTE DE CATALOGACIÓN
Agencia que crea de manera original el registro BPMSU
Idioma de catalogación spa
Agencia que realiza la transcripción BPMSU
092 ## - LOCALLY ASSIGNED DEWEY DECIMAL CALL NUMBER
Número de clasificación 372.21
Número de ítem (Cutter) J61l, 3 años 2012
100 1# - ASIENTO PRINCIPAL -- NOMBRE PERSONAL
Nombre personal Jiménez Rosa, Tania
245 10 - MENCIÓN DE TITULO
Título Grafomotricidad, aprendo matemáticas, lectoescritura 3:
Subtítulo educación inicial /
Mención de responsabilidad Tania Jiménez Rosa ; dirección editorial Obdulia García de Escobar; ilustración Ruddy Núñez...[et al.].
260 ## - PUBLICACIÓN, DISTRIBUCIÓN, ETC. (PIE DE IMPRENTA)
Lugar de publicación, distribución, etc Santo Domingo :
Nombre del editor, distribuidor, etc. Santillana,
Fecha de publicación, distribución, etc 2012.
300 ## - DESCRIPCIÓN FÍSICA
Extensión v. :
Otros detalles físicos il.,
Dimensiones 21 cm.
490 1# - MENCIÓN DE SERIES
Mención de serie Innova
500 ## - NOTA GENERAL
Nota general Este libro ha sido realizado de conformidad con el currículum vigente y ha sido sometido a la aprobación del MINERD(Ministerio de Educación de la República Dominicana)
500 ## - NOTA GENERAL
Nota general Los cuadernos están dividos en primer trimestre, segundo trimestre y tercer trimestre.
650 ## - ENCABEZAMIENTO DE MATERIA--TEMÁTICO
Término temático o nombre geográfico como elemento de entrada EDUCACIÓN PREESCOLAR
Subdivisión geográfica REPÚBLICA DOMINICANA
650 ## - ENCABEZAMIENTO DE MATERIA--TEMÁTICO
Término temático o nombre geográfico como elemento de entrada EDUCACIÓN DE NIÑOS
650 ## - ENCABEZAMIENTO DE MATERIA--TEMÁTICO
Término temático o nombre geográfico como elemento de entrada EDUCACIÓN EN LA PRIMERA INFANCIA
650 ## - ENCABEZAMIENTO DE MATERIA--TEMÁTICO
Término temático o nombre geográfico como elemento de entrada JARDINES INFANTILES
650 ## - ENCABEZAMIENTO DE MATERIA--TEMÁTICO
Término temático o nombre geográfico como elemento de entrada EDUCACIÓN PREESCOLAR
Subdivisión temática general LIBROS DE TEXTO
650 ## - ENCABEZAMIENTO DE MATERIA--TEMÁTICO
Término temático o nombre geográfico como elemento de entrada EDUCACIÓN PREESCOLAR
Subdivisión temática general ESTUDIOS Y EJERCICIOS
700 1# - ASIENTO SECUNDARIO -- NOMBRE PERSONAL
Nombre personal García de Escobar, Obdulia
Mención de responsabilidad ed.
700 1# - ASIENTO SECUNDARIO -- NOMBRE PERSONAL
Nombre personal Núñez, Ruddy
Mención de responsabilidad il.
830 #0 - ASIENTO SECUNDARIO DE SERIE--TÍTULO UNIFORME
Título uniforme Innova
910 ## - VALIDACIÓN
Validación 000144
942 ## - ADDED ENTRY ELEMENTS (KOHA)
Source of classification or shelving scheme Dewey Decimal Classification
Koha item type Libros
945 ## - INFORMACIÓN DE PROCESAMIENTO LOCAL
Información de procesamiento local inventariado, 2018 / dg
956 ## - LOCAL ELECTRONIC LOCATION AND ACCESS (OCLC)
Nombre de host Yngrid Lockward
Número de acceso 10
Existencias
Withdrawn status Lost status Source of classification or shelving scheme Damaged status Not for loan Home library Current library Date acquired Source of acquisition Total Checkouts Barcode Date last seen Copy number Price effective from Koha item type
    Dewey Decimal Classification     Biblioteca Pública Metropolitana Salomé Ureña Biblioteca Pública Metropolitana Salomé Ureña 04/28/2016 Donación   BPMSU16040746 04/28/2016 v. 1 04/28/2016 Libros
    Dewey Decimal Classification     Biblioteca Pública Metropolitana Salomé Ureña Biblioteca Pública Metropolitana Salomé Ureña 04/28/2016 Donación   BPMSU16040747 04/28/2016 v. 1, e. 2 04/28/2016 Libros
    Dewey Decimal Classification     Biblioteca Pública Metropolitana Salomé Ureña Biblioteca Pública Metropolitana Salomé Ureña 04/28/2016 Donación   BPMSU16040748 04/28/2016 v. 1, e. 3 04/28/2016 Libros
    Dewey Decimal Classification     Biblioteca Pública Metropolitana Salomé Ureña Biblioteca Pública Metropolitana Salomé Ureña 04/28/2016 Donación   BPMSU16040749 04/28/2016 v. 2 04/28/2016 Libros
    Dewey Decimal Classification     Biblioteca Pública Metropolitana Salomé Ureña Biblioteca Pública Metropolitana Salomé Ureña 04/28/2016 Donación   BPMSU16040750 04/28/2016 v. 2, e. 2 04/28/2016 Libros
    Dewey Decimal Classification     Biblioteca Pública Metropolitana Salomé Ureña Biblioteca Pública Metropolitana Salomé Ureña 04/28/2016 Donación   BPMSU16040751 04/28/2016 v. 2, e. 3 04/28/2016 Libros
    Dewey Decimal Classification     Biblioteca Pública Metropolitana Salomé Ureña Biblioteca Pública Metropolitana Salomé Ureña 04/28/2016 Donación   BPMSU16040752 04/28/2016 v. 3 04/28/2016 Libros
    Dewey Decimal Classification     Biblioteca Pública Metropolitana Salomé Ureña Biblioteca Pública Metropolitana Salomé Ureña 04/28/2016 Donación   BPMSU16040753 04/28/2016 v. 3, e 2 04/28/2016 Libros
    Dewey Decimal Classification     Biblioteca Pública Metropolitana Salomé Ureña Biblioteca Pública Metropolitana Salomé Ureña 04/28/2016 Donación   BPMSU16040754 04/28/2016 v. 3, e. 3 04/28/2016 Libros